Movies Quiz

Random Movies or Halloween Quiz
Score 0/30 Timer 09:00
3 Plays Today
% Correct
Marion Crane
91.7%
Wendy Torrance
91.5%
Regan MacNeil
91%
Clarice Starling
90.2%
Tiffany Valentine
89.9%
Ellen Ripley
89%
The Bride
88.8%
Annie Wilkes
88.5%
Elvira
88%
Carrie White
86.2%
Melanie Daniels
84.8%
Laurie Strode
83.5%
Rosemary Woodhouse
80.4%
Sidney Prescott
76.4%
Wichita
73.3%
% Correct
Beverly Marsh
70.5%
Jennifer Check
70.2%
Liz
69.3%
Pamela Voorhees
68.4%
Sarah Carter
65.4%
Annie Graham
64%
Nancy Thompson
63.5%
Tree Gelbman
61.8%
Sally Hardesty
55.6%
Kirsty Cotton
51.9%
Ginger Fitzgerald
49.8%
Erin Hanson
49.1%
Baby Firefly
44.5%
Jess Bradford
44.4%
Mia Allen
37.8%

You're not logged in!

Compare scores with friends on all Sporcle quizzes.
OR
Log In

Sporcle TV

Today on Sporcle TV


Watch our educational content, quiz creation guides, and fun videos on Sporcle TV.

Show Comments

Extras

Top Quizzes Today


Score Distribution

Paid Content

Your Account Isn't Verified!

In order to create a playlist on Sporcle, you need to verify the email address you used during registration. Go to your Sporcle Settings to finish the process.

Report this User

Report this user for behavior that violates our Community Guidelines.

Details: